Mapy v historicko-geografickom výskume kultúrnej krajiny

Význam máp v historicko-geografickom výskume.

Saved in:
Bibliographic Details
Main Author: Chrastina, Peter
Format: Book Chapter
Language:Slovak
Subjects:
Tags: Add Tag
No Tags, Be the first to tag this record!

MARC

LEADER 00000naa a2200000 4500
001 0159564
005 20230908073049.8
041 0 |a slo 
044 |a SK 
245 1 0 |a Mapy v historicko-geografickom výskume kultúrnej krajiny  |c Peter Chrastina 
520 |a Význam máp v historicko-geografickom výskume. 
610 2 0 |a Slovensko 
610 2 0 |a história 
610 2 0 |a výskum 
610 2 0 |a mapy 
610 2 0 |a geografia 
100 1 |a Chrastina, Peter